| 000 | 01825cpcaa2200433 a 4500 | ||
|---|---|---|---|
| 001 | mm 81045633 | ||
| 003 | DLC | ||
| 005 | 20260227111708.0 | ||
| 007 | cr ||||||||||| | ||
| 008 | 811028|||||||||||| eng | ||
| 010 | _amm 81045633 | ||
| 040 |
_aDLC _cDLC _dDLC _edacs |
||
| 041 |
_aeng _ager _aita _alat |
||
| 072 | 7 |
_aL _2lcmd |
|
| 100 | 1 |
_aWilde, Richard Henry, _d1789-1847. |
|
| 245 | 0 | 0 |
_aRichard Henry Wilde papers, _f1807-1867. |
| 300 |
_a60 _fitems. |
||
| 300 |
_a5 _fcontainers. |
||
| 300 |
_a2 _flinear feet. |
||
| 506 | 0 | _aOpen to research. | |
| 520 | 8 | _aCorrespondence relating chiefly to national politics, drafts of Hesperia (1867), unpublished works titled The Italian Lyric Poets and The Life and Times of Dante, poems, essay, and notes. | |
| 533 |
_aIn part, typewritten transcript. _b[S.l.]. |
||
| 545 | 0 | _aU.S. representative from Georgia, lawyer, and poet. | |
| 546 | _aCollection material in English with German, Italian, and Latin. | ||
| 555 | 8 |
_aFinding aid available in the Library of Congress Manuscript Reading Room and at _uhttp://hdl.loc.gov/loc.mss/eadmss.ms008143 |
|
| 600 | 0 | 0 |
_aDante Alighieri, _d1265-1321. |
| 650 | 0 | _aLiterature. | |
| 650 | 0 | _aPoetry. | |
| 651 | 0 |
_aUnited States _xPolitics and government _y1815-1861. |
|
| 656 | 7 |
_aLawyers. _2itoamc |
|
| 656 | 7 |
_aPoets. _2itoamc |
|
| 656 | 7 |
_aRepresentatives, U.S. Congress _zGeorgia. _2itoamc |
|
| 700 | 1 | 2 |
_aWilde, Richard Henry, _d1789-1847. _tHesperia. _f1867. |
| 856 | 4 |
_3Finding aid _uhttp://hdl.loc.gov/loc.mss/eadmss.ms008143 |
|
| 856 | 4 |
_3Finding aid (PDF) _uhttp://hdl.loc.gov/loc.mss/eadmss.ms008143.3 |
|
| 999 |
_c43174 _d43174 |
||